Statistics for NBA Championships

Click here to take the quiz!

General Stats

  • This quiz has been taken 28 times
  • The average score is 47 of 76

Answer Stats

YearTeam% Correct
2021Bucks
100%
2022Warriors
100%
2020Lakers
96%
2019Raptors
96%
2018Warriors
96%
2017Warriors
96%
2013Heat
92%
2015Warriors
92%
2012Heat
88%
2014Spurs
88%
2016Cavaliers
85%
2009Lakers
85%
2010Lakers
85%
2011Mavericks
85%
2002Lakers
81%
2000Lakers
81%
2001Lakers
81%
2007Spurs
81%
2005Spurs
81%
1996Bulls
77%
1997Bulls
77%
1998Bulls
77%
1992Bulls
77%
1991Bulls
77%
1993Bulls
77%
1986Celtics
77%
2008Celtics
77%
1995Rockets
77%
2003Spurs
77%
1984Celtics
73%
2006Heat
73%
1980Lakers
73%
1982Lakers
73%
1987Lakers
73%
2004Pistons
73%
1994Rockets
73%
1988Lakers
69%
1985Lakers
69%
1981Celtics
65%
1999Spurs
65%
1959Celtics
62%
1960Celtics
62%
1961Celtics
62%
1962Celtics
62%
1963Celtics
62%
1989Pistons
62%
1990Pistons
62%
1964Celtics
58%
1965Celtics
54%
1966Celtics
54%
1968Celtics
54%
198376ers
50%
1969Celtics
50%
1974Celtics
42%
1972Lakers
42%
1976Celtics
38%
1973Knicks
38%
1975Warriors
38%
1978Bullets
35%
1957Celtics
35%
1970Knicks
35%
1949Lakers
35%
1950Lakers
35%
1956Warriors
35%
1947Warriors
35%
196776ers
31%
1971Bucks
31%
1952Lakers
31%
1954Lakers
27%
1953Lakers
27%
1979Supersonics
27%
1977Trailblazers
27%
1958Hawks
23%
1948Bullets
19%
1955Nationals
19%
1951Royals
19%

Score Distribution

Percentile by Number Answered

Percent of People with Each Score

Your Score History

You have not taken this quiz